<?xml version="1.0" encoding="UTF-8"?>
<collection xmlns="http://www.loc.gov/MARC21/slim">
 <record>
  <leader>01322nam a2200217   4500</leader>
  <controlfield tag="001">1/27511</controlfield>
  <controlfield tag="008">980330s2005    gr       bm   000 0 gre d</controlfield>
  <datafield tag="035" ind1=" " ind2=" ">
   <subfield code="l">29371</subfield>
  </datafield>
  <datafield tag="082" ind1="0" ind2="0">
   <subfield code="a">657.0218 ΔΙΟ</subfield>
  </datafield>
  <datafield tag="100" ind1="1" ind2=" ">
   <subfield code="a">Διόνας, Αθανάσιος.</subfield>
  </datafield>
  <datafield tag="245" ind1="1" ind2="0">
   <subfield code="a">Διεθνές λογιστικό πρότυπο αριθ. 39 :</subfield>
   <subfield code="b">η λογιστική και η επιπτώσεις των χρηματοοικονομικών στοιχείων στους ισολογισμούς των τραπεζών /</subfield>
   <subfield code="c">Διόνας, Αθανάσιος</subfield>
  </datafield>
  <datafield tag="260" ind1=" " ind2=" ">
   <subfield code="a">Πειραιάς</subfield>
   <subfield code="b">[χ.ό.],</subfield>
   <subfield code="c">2005</subfield>
  </datafield>
  <datafield tag="300" ind1=" " ind2=" ">
   <subfield code="a">90 σ. :</subfield>
   <subfield code="b">πιν. ;</subfield>
   <subfield code="c">30 εκ.+</subfield>
   <subfield code="e">1 δισκέτα Η/Υ</subfield>
  </datafield>
  <datafield tag="502" ind1=" " ind2=" ">
   <subfield code="a">Διατριβή (Δ.Ε.)--Πανεπιστήμιο Πειραιώς, 2005</subfield>
  </datafield>
  <datafield tag="504" ind1=" " ind2=" ">
   <subfield code="a">Περιέχει βιβλιογραφία.</subfield>
  </datafield>
  <datafield tag="650" ind1=" " ind2="4">
   <subfield code="a">Διατριβές.</subfield>
  </datafield>
  <datafield tag="650" ind1=" " ind2="4">
   <subfield code="a">Λογιστική</subfield>
   <subfield code="x">Πρότυπα.</subfield>
  </datafield>
  <datafield tag="650" ind1=" " ind2="4">
   <subfield code="a">Τυποποιημένο Λογιστικό Σύστημα.</subfield>
  </datafield>
  <datafield tag="710" ind1="2" ind2=" ">
   <subfield code="a">Πανεπιστήμιο Πειραιώς. Τμήμα Χρηματοοικονομικής και Τραπεζικής Διοικητικής.</subfield>
  </datafield>
  <datafield tag="852" ind1=" " ind2=" ">
   <subfield code="a">INST</subfield>
   <subfield code="b">UNIPILB</subfield>
   <subfield code="c">DISS</subfield>
   <subfield code="e">20050817</subfield>
   <subfield code="h">657.0218 ΔΙΟ</subfield>
   <subfield code="p">00149071</subfield>
   <subfield code="q">00149071</subfield>
   <subfield code="t">NOLOAN</subfield>
   <subfield code="y">23</subfield>
   <subfield code="4">1</subfield>
  </datafield>
  <datafield tag="856" ind1="4" ind2="1">
   <subfield code="u">http://digilib.lib.unipi.gr/dspace/handle/unipi/559</subfield>
  </datafield>
 </record>
</collection>
